000
00374nam a2200145Ia 4500
008
231129s1976||||xx |||||||||||||| ||spa||
020
_a
84-226-0823-5
040
_b
spa
082
_a
R 391.6 C886s
100
_a
Craig Ann
245
0
_a
Secretos de tu belleza
260
_c
1976
264
_a
Circulo de Lectores.
942
_2
ddc
_c
BKS
999
_c
24395
_d
24395